000 00368nam a2200133Ia 4500
008 220214s9999 xx 000 0 und d
022 _a0024-4074
245 0 _aBOTANICAL JOURNAL OF THE LINNEAN SOCIETY
260 _bAcademic Press, London
_aUK
310 _a8/Y
500 _aEnding Volume & Year: 104, 1990
500 _aStarting Volume & Year: 82, 1981
942 _cBJ
999 _c9472
_d9472